MARC details
| 000 -LEADER |
| fixed length control field |
01065nam a2200229Ia 4500 |
| 003 - CONTROL NUMBER IDENTIFIER |
| control field |
IN-BaIIA |
| 008 - FIXED-LENGTH DATA ELEMENTS--GENERAL INFORMATION |
| fixed length control field |
211028s9999 xx 000 0 eng d |
| 020 ## - INTERNATIONAL STANDARD BOOK NUMBER |
| International Standard Book Number |
0-937707-63-5 |
| 040 ## - CATALOGING SOURCE |
| Transcribing agency |
IIA Library |
| 080 ## - UNIVERSAL DECIMAL CLASSIFICATION NUMBER |
| Universal Decimal Classification number |
082.2:52 |
| Item number |
ASP-44 |
| 111 ## - MAIN ENTRY--MEETING NAME |
| Meeting name or jurisdiction name as entry element |
International Astronomical Union Colloquium, no. 138, on Peculiar Versus normal Phenomena in A-Type and Related Stars |
| Number of part/section/meeting |
138 |
| Location of meeting |
Trieste |
| Date of meeting or treaty signing |
1992 July |
| 9 (RLIN) |
19107 |
| 245 #0 - TITLE STATEMENT |
| Title |
Peculiar versus normal phenomena in A-Type and Related Stars |
| Remainder of title |
proceedings of International Astronomical Union colloquium, no. 138, on peculiar versus normal phenomena in A-Type and Related Stars, held in Trieste, Italy, July 1992 |
| Statement of responsibility, etc. |
edited by M. Dworetsky, F. Castelli, R. Faraggiana |
| 260 ## - PUBLICATION, DISTRIBUTION, ETC. |
| Place of publication, distribution, etc. |
California |
| Name of publisher, distributor, etc. |
Astronomical Society of the Pacific |
| Date of publication, distribution, etc. |
1993 |
| 300 ## - PHYSICAL DESCRIPTION |
| Extent |
[various pagings.] |
| 650 ## - SUBJECT ADDED ENTRY--TOPICAL TERM |
| Topical term or geographic name entry element |
A-Type Stars |
| 9 (RLIN) |
19108 |
| 650 ## - SUBJECT ADDED ENTRY--TOPICAL TERM |
| Topical term or geographic name entry element |
Astronomy and Astrophysics thesaurus |
| 650 ## - SUBJECT ADDED ENTRY--TOPICAL TERM |
| Topical term or geographic name entry element |
Peculiar Stars |
| 9 (RLIN) |
6774 |
| 700 ## - ADDED ENTRY--PERSONAL NAME |
| Personal name |
Castelli, E., ed. |
| 9 (RLIN) |
19109 |
| 700 ## - ADDED ENTRY--PERSONAL NAME |
| Personal name |
Dworetsky, M. M., ed. |
| 9 (RLIN) |
14943 |
| 700 ## - ADDED ENTRY--PERSONAL NAME |
| Personal name |
Faraggiana, R., ed. |
| 9 (RLIN) |
19110 |
| 942 ## - ADDED ENTRY ELEMENTS (KOHA) |
| Koha item type |
Books |